Các mô hình không gian phát triển mở của vùng trung du và miền núi phía Bắc Việt Nam /
Saved in:
| Main Author: | |
|---|---|
| Other Authors: | |
| Format: | Article |
| Language: | Vietnamese |
| Tags: |
Add Tag
No Tags, Be the first to tag this record!
|
| Institutions: | Thư viện Trường Đại học Đà Lạt |
|---|
| LEADER | 00787nam a2200241 4500 | ||
|---|---|---|---|
| 001 | DLU120140613 | ||
| 005 | ##20120710 | ||
| 040 | # | # | |a DLU |b vie |
| 041 | # | # | |a vie |
| 044 | # | # | |a vn |
| 100 | # | # | |a Vũ Như Vân. |
| 245 | # | # | |a Các mô hình không gian phát triển mở của vùng trung du và miền núi phía Bắc Việt Nam / |c Vũ Như Vân. |
| 700 | # | # | |a . |
| 773 | # | # | |t Việt Nam Học: Kỷ yếu hội thảo quốc tế lần thứ nhất Hà Nội 15 - 17.7.1998. tập IV, |g , tr. 467-473 |
| 920 | # | # | |a Phòng Tạp chí -- Trung tâm Thông tin - Thư viện Trường Đại học Đà Lạt |
| 994 | # | # | |a DLU |
| 900 | # | # | |a True |
| 911 | # | # | |a Nguyễn Thị Mai Anh |
| 925 | # | # | |a G |
| 926 | # | # | |a A |
| 927 | # | # | |a BB |
| 980 | # | # | |a Thư viện Trường Đại học Đà Lạt |